000 00650nam a2200205 a 4500
001 000029927
005 20200930055920.0
008 110427s2001 dr ab 000 0 spa d
020 _z99934182X
040 _aDO-SdBNP
_bspa
_cBNPHU
082 _axxx
_bR696m
100 1 _aRodríguez Guglielmoni, Linda M.
_925666
245 1 0 _aMetropolitan fantasies :
_btextos errantes /
_cLinda M. Rodríguez Guglielmoni.
260 _aSanto Domingo :
_bEditora Búho,
_bCCLEH,
_c2001.
300 _a55 p. :
_bil., mapas ;
_c22 cm.
490 1 _aCotidianas de estival
504 _aBibliografía : p. 53
830 0 _aCotidianas de estival
_924279
049 _aBNPD
999 _c29419
_d29419